000 03379cam a22011654i 4500
003 PE-LiUPU
005 20250813185338.0
008 161007s r 000 0 spa d
035 _a(Sirsi) a164052
040 _aPE-LiUPU
_bspa
_cPE-LiUPU
_erda
082 0 4 _a340.4
_bR68
100 1 _aRivera Vílchez, Walter,
_d1959- ,
_eautor.
245 _aSíntesis jurídica - política /
_cWalter Rivera Vílchez.
264 _aLima :
_bW.E. Rivera Vílchez,
_c2012
300 _a215 páginas ;
_c21 centímetros
336 _atext
_2rdacontent
337 _aunmediated
_2rdamedia
338 _avolume
_2rdacarrier
505 0 _aPrimera parte: Carta al jefe de la OMPE, José Portillo Campell -- Esposición sobre el proyecto de estatuto del PPC -- Ineficacia del sistema de verificación de firmas utilizado por la ONPE en el proceso de inscripción de un partido político. El caso del PPC -Partido Popular Cristiano -- Informe presentado al XV Plenario del PPC -Partido Popular Cristiano -- Partido Popular Cristiano secreataría nacional de asuntos electorales documento de trabajo -- Palabras de saludo en la ceremonia de presentación del nuevo secretario General Departamental de Lima -- Memria de gestión de la Secretaría Nacional de Asuntos Electorales del PPC-Partido Popular Cristiano (1999-2003) -- Segunda parte -- Tercera parte.
526 _aP202
526 _aP201
526 _aP163
526 _aP162
526 _aP161
526 _aP160
526 _aP148
526 _aP147
526 _aP146
526 _aP145
526 _aP144
526 _aP143
526 _aP142
526 _aP141
526 _aP140
526 _aP139
526 _aP138
526 _aP137
526 _aP136
526 _aP135
526 _aP134
526 _aP133
526 _aP129
526 _aP128
526 _aP127
526 _aP120
526 _aP119
526 _aP118
526 _aP116
526 _aP115
526 _aP114
526 _aP110
526 _aP109
526 _aP108
526 _aP104
526 _aP103
526 _aP102
526 _aP99
526 _aP98
526 _aP97
526 _aP96
526 _aP95
526 _aP93
526 _aP90
526 _aP89
526 _aP88
526 _aP83
526 _aP82
526 _aP62
526 _aP59
526 _aP58
526 _aP57
526 _aP51
526 _aP49
526 _aP48
526 _aP47
526 _aP29
526 _aP24
526 _aP20
526 _aP19
526 _aP17
526 _aP15
526 _aP14
526 _aP12
526 _aP10
526 _aP09
526 _aP08
526 _aP07
526 _aP06
526 _aP05
526 _aP04
526 _aP01
650 0 4 _aDerecho
_z-Perú
_v-Ensayos, conferencias, etc.
650 0 4 _aCiencia política
_z-Perú
_v-Ensayos, conferencias, etc.
910 _ajck
_bebj
_cebj
_d20161007
264 1 _a**REQUIRED FIELD**
596 _a1
942 _2ddc
_cBOOK
999 _a340.4 R68
_wDEWEY
_c12909
_i74947
_d12909
_e2019-1-18
_f2021-11-8
_g5
_lCCODEBUL1
_mBUL
_n1
_p10.00
_r0
_sY
_tBOOK
_u2016-10-7
_xEDUCACION
_PP20
_0COMPRA
_o.STAFF. Colección Ciencias Humanas y Educación
980 _81
_gALBERTO SANCHEZ Responsable de Automatización